000 00361nam a2200145Ia 4500
003 OSt
008 191201s2017 xx 000 0 und d
082 _a621.3841
_bBAA
100 _aBALANIS, Constantine A.
245 0 _aAntenna Theory Analysis and Design
260 _aNew Delhi
_bWiley India
_c2017
300 _a1117
650 _aB.Tech(ECE)
942 _2ddc
_cBK
999 _c6698
_d6698